000 00549nam a22001937a 4500
003 AR-RoUNCS
005 20251003103902.0
008 251003s2012 ag |||||r|||| 001 0 spa d
020 _a978-987-685-138-1
040 _aAR-RoUNCS
_cAR-RoUNCS
080 _0(038)929:100
245 0 0 _aAristos :
_bdiccionario de biografías.
250 _a1a ed.
260 _aBuenos Aires :
_bVisor Enciclopedias Audiovisuales,
_c2012.
300 _a160 p. :
_bil. byn :
_c23 cm.
650 4 _aBIOGRAFÍAS
_vDICCIONARIOS
655 4 _aDICCIONARIOS
942 _2udc
_cOG
_n0
999 _c634
_d634